[Event "Baku Open 2018"]
[Site "Baku"]
[Date "2018.11.24"]
[Round "1"]
[White "Guseinov, Gadir"]
[Black "Javadov, Habil"]
[Result "1-0"]
[WhiteElo "2664"]
[BlackElo "1623"]
[Annotator "TA"]
[PlyCount "67"]
[EventDate "2018.11.24"]
[EventType "swiss"]
[EventCountry "AZE"]
[SourceTitle "playchess.com"]
[Source "ChessBase"]
[SourceQuality "1"]

{[%evp 31,67,13,17,8,22,0,16,18,19,27,18,20,17,19,41,41,43,37,30,19,43,57,57,54,57,66,189,187,191,166,193,185,365,352,347,340,564,571]} 1. e4 e6 2. d4 d5 3. Nd2 c5 4. Ngf3 cxd4 5. exd5 Qxd5 6. Bc4 Qd6 7. O-O Nf6 8. Nb3 Nc6 9. Nbxd4 Nxd4 10. Nxd4 a6 11. Re1 Qc7 12. Bf1 {C07: French Tarrasch: 3...c5, 4 Ngf3 and 4 exd5 Qxd5} Be7 13. Qf3 O-O 14. Bf4 Bd6 15. Bxd6 Qxd6 16. Rad1 Qc7 {LiveBook: 26 Games} 17. c4 Bd7 (17... Rb8 18. Qg3 Qxg3 19. hxg3 Bd7 {½-½ (61) Karjakin,S (2773)-Duda,J (2737) chess.com INT 2018}) 18. h3 Rad8 19. Qe3 $146 ({Predecessor:} 19. b3 Bc8 {1-0 (54) Gao,R (2450)-Burnett,J (2172) Hastings 2012}) 19... Rfe8 20. Nf3 Bc6 21. Ne5 Be4 {Threatens to win with ...Rxd1.} 22. Qf4 Bc2 23. Rc1 {[%cal Bd1c1,Bc1c3,Bc3g3][%mdl 32]} Ba4 24. b3 Bc6 25. Rc3 Re7 26. Qh4 Ne8 27. Rg3 Nd6 {Strongly threatening ...Nf5.} 28. Ng4 {And now Nf6+ would win.} Kh8 {[#]} (28... Ne8 $1 $14) 29. Bd3 $1 $18 {[%csl Gd3][%cal Rh4h7]} f5 30. Ne5 Kg8 31. c5 $40 {[%mdl 128] White goes for the king.} Nf7 $2 (31... Nc8 32. Nxc6 Qxc6) 32. Nxc6 bxc6 {[#]} 33. Bxf5 $1 {[%mdl 576] Double Attack, Pin} g6 $2 (33... Nh6 {was necessary.}) (33... exf5 34. Rxe7) 34. Qf6 {Accuracy: White = 80%, Black = 40%.} 1-0

[Event "Baku Open 2018"]
[Site "Baku"]
[Date "2018.11.24"]
[Round "1"]
[White "Aleksandrov, Aleksej"]
[Black "Abdullayev, Beytulla"]
[Result "1-0"]
[WhiteElo "2599"]
[BlackElo "1614"]
[Annotator "TA"]
[PlyCount "89"]
[EventDate "2018.11.24"]
[EventType "swiss"]
[EventCountry "AZE"]
[SourceTitle "playchess.com"]
[Source "ChessBase"]
[SourceQuality "1"]

{[%evp 12,89,29,33,57,63,59,60,51,58,78,66,78,78,78,77,125,95,315,317,298,302,305,292,291,281,292,292,285,260,260,260,289,282,483,476,458,443,464,429,429,416,486,481,465,458,549,534,572,564,611,602,774,775,752,724,745,722,699,696,1068,1048,1069,1052,1013,974,885,725,947,936,878,853,1300,993,951,786,6394,6398,6389,6334]} 1. d4 Nf6 2. c4 g6 3. Nc3 Bg7 4. e4 d6 5. h3 O-O 6. Be3 e5 7. d5 Nh5 {E71: King's Indian: 4 e4 d6 5 h3} (7... Na6 8. g4 Nc5 9. f3 h5 10. Qd2 Nh7 11. O-O-O h4 12. Bd3 Nxd3+ 13. Qxd3 f5 14. Rh2 Kh8 15. Rg2 Bd7 16. exf5 gxf5 {½-½ (69) Caruana,F (2811)-Jones,G (2640) Wijk aan Zee 2018}) 8. g3 {[%cal Bg2g3,Bg3g4][%mdl 32]} Na6 9. Be2 Nf6 {White is slightly better.} 10. Nf3 Nc5 11. Nd2 a5 12. g4 Bd7 13. h4 Qc8 {[%cal Rd7g4]} 14. Rg1 Nd3+ $146 {[#]} (14... a4 $16) ({Predecessor:} 14... Kh8 15. g5 Ne8 16. h5 gxh5 {1-0 (40) Scholz,C (2388)-Delitzsch,J (2206) Bamberg 2018}) 15. Bxd3 $18 Nxg4 16. Qe2 Nxe3 17. Qxe3 h5 18. Be2 Kh7 19. Qg3 Bh6 20. Nf3 Bf4 21. Ng5+ Kg8 22. Qg2 Bg4 $2 {[#]} (22... Kh8 {was called for.} 23. Ne6 Bxe6) 23. Bxg4 Qxg4 24. Qxg4 hxg4 25. Ne2 Bxg5 26. hxg5 f5 27. gxf6 {White is clearly winning.} Rxf6 28. Rxg4 c6 29. Kd2 cxd5 30. cxd5 Kg7 31. f4 exf4 32. Nxf4 Rh8 33. Rag1 Rh2+ 34. Kc3 Kf7 35. a4 Rf2 36. Nd3 Re2 37. Kd4 Rh2 38. R1g2 Rh1 39. Rf4 Rd1 40. Rxf6+ Kxf6 41. Rf2+ Kg7 42. Rc2 g5 43. Ke3 Kg6 44. Rc1 Rxc1 45. Nxc1 {Accuracy: White = 99%, Black = 26%.} 1-0

[Event "Baku Open 2018"]
[Site "Baku"]
[Date "2018.11.24"]
[Round "1"]
[White "Gareyev, Timur"]
[Black "Ismayilov, Oruj"]
[Result "1-0"]
[WhiteElo "2584"]
[BlackElo "1576"]
[Annotator "TA"]
[PlyCount "43"]
[EventDate "2018.11.24"]
[EventType "swiss"]
[EventCountry "AZE"]
[SourceTitle "playchess.com"]
[Source "ChessBase"]
[SourceQuality "1"]

{[%evp 9,43,179,191,180,213,199,214,180,392,343,341,308,456,440,695,701,712,708,718,737,1338,1302,2530,2420,2499,2456,2269,2063,29987,29988,29992,29993,29993,29993,29999,29999]} 1. e4 d6 2. d4 g6 3. h4 b6 $146 ({Predecessor:} 3... Nf6 4. Nc3 Bg7 5. f3 c6 6. Be3 b5 7. Qd2 h6 8. g4 Nbd7 9. Nge2 Qa5 10. Ng3 Nb6 11. Nb1 Qa6 12. b3 Qb7 13. a4 bxa4 14. bxa4 Be6 15. Nc3 {1-0 (46) Ponkratov,P (2613)-Petrosian,T (2601) Riadh 2017}) 4. h5 Bb7 5. hxg6 fxg6 6. Nf3 {B06: Modern Defence} Qd7 7. d5 Ba6 8. c4 {White is clearly better.} h6 $2 (8... e5 9. Nc3 Bc8) 9. e5 {Hoping for e6.} dxe5 10. Bd3 ({Less strong is} 10. Nxe5 Qd6 $16) 10... Qd6 (10... Bg7 $142 11. Nc3 (11. Bxg6+ Kd8 $18) 11... e6) 11. Nc3 $18 Nf6 (11... Qf6 $142 12. Nh4 Nd7) 12. Bxg6+ Kd8 {[#]} 13. Ng5 $1 {[%mdl 512]} hxg5 14. Rxh8 e6 15. Bxg5 Nbd7 16. dxe6 Kc8 17. exd7+ Nxd7 18. Qf3 c6 19. Rd1 {White mates.} Qxg6 20. Rxf8+ Kc7 21. Rxa8 Bb7 {[#]} 22. Nb5+ $1 {Accuracy: White = 81%, Black = 11%.} 1-0

[Event "Baku Open 2018"]
[Site "Baku"]
[Date "2018.11.24"]
[Round "1"]
[White "Tsydypov, Zhamsaran"]
[Black "Muradov, Telman"]
[Result "1-0"]
[WhiteElo "2530"]
[BlackElo "1573"]
[Annotator "TA"]
[PlyCount "49"]
[EventDate "2018.11.24"]
[EventType "swiss"]
[EventCountry "AZE"]
[SourceTitle "playchess.com"]
[Source "ChessBase"]
[SourceQuality "1"]

{[%evp 10,49,55,58,82,43,127,83,339,353,339,241,220,239,336,350,311,142,229,232,747,758,714,701,1294,1282,1250,1231,1287,1295,1264,1295,1287,1280,1280,1279,1273,1231,1208,941,1288,925]} 1. e4 c5 2. Nf3 Nc6 3. Bb5 Qc7 4. Nc3 e6 5. Bxc6 Qxc6 6. d4 {LiveBook: 55 Games. B30: Sicilian: 2...Nc6 3 Bb5, lines without ...g6} d6 (6... cxd4 7. Nxd4 Qc7 8. Ndb5 Qb8 9. Be3 a6 10. Bb6 axb5 11. Nxb5 Bb4+ 12. c3 Ba5 13. Bxa5 Rxa5 {1-0 (27) Kryvoruchko,Y (2703)-Tabatabaei,M (2605) Dubai 2018}) 7. dxc5 dxc5 $146 ({Black should try} 7... Qxc5 $14 8. Qd3 Bd7) ({Predecessor:} 7... Qxc5 8. Be3 Qa5 9. O-O Bd7 10. a4 Bc6 11. Nd4 Nf6 12. Nxc6 bxc6 13. Qd4 c5 {½-½ (24) Staufcik,R (2119)-Sanak,F (2047) Czechia 2004}) 8. Bf4 {White is better.} a6 $2 {[%mdl 8192]} (8... b6 $16 {was necessary.}) 9. Ne5 $18 Qb6 10. Nc4 Qc6 11. Qd3 b5 (11... Nf6 $142 12. O-O-O Bd7) 12. O-O-O {[%csl Gd1][%cal Rd3d8]} Be7 13. Nd6+ ({Weaker is} 13. Ne5 Qb7 $14) (13. Qg3 $18 bxc4 14. Qxg7) 13... Bxd6 (13... Kf8 $16 {might work better.} 14. e5 Bb7 15. Nxb7 Qxb7) 14. Bxd6 $40 {[%mdl 128] White wants a kill.} ({Don't do} 14. Qxd6 $6 Bb7 $16) 14... c4 $2 (14... f6 15. e5 f5) 15. Qg3 {White is clearly winning.} g6 {[#]} 16. Nd5 $1 {[%mdl 512]} Ra7 (16... exd5 17. Qe5+) 17. Nc7+ Rxc7 18. Bxc7 {Hoping for Rd8+.} Bd7 {[#]} 19. Rxd7 $1 {[%mdl 576] Clearance} Qxd7 20. Rd1 Qe7 21. Rd8+ Qxd8 22. Bxd8 Kxd8 23. Qe5 f6 24. Qxe6 Ne7 25. Qxf6 {Accuracy: White = 63%, Black = 11%.} 1-0

[Event "Baku Open 2018"]
[Site "Baku"]
[Date "2018.11.24"]
[Round "1"]
[White "Gasanov, Eldar"]
[Black "Habibullah, Guldoost"]
[Result "1-0"]
[WhiteElo "2502"]
[BlackElo "1570"]
[Annotator "TA"]
[PlyCount "85"]
[EventDate "2018.11.24"]
[EventType "swiss"]
[EventCountry "AZE"]
[SourceTitle "playchess.com"]
[Source "ChessBase"]
[SourceQuality "1"]

{[%evp 18,85,60,53,47,53,118,116,122,118,93,107,122,119,155,145,133,166,217,223,212,209,225,223,280,266,273,259,300,295,391,391,391,391,506,500,500,500,491,487,478,408,595,601,640,638,766,777,919,814,1075,1080,1066,1029,6256,5976,3889,1314,29972,29969,29978,29978,29976,29977,29977,29978,29983,29980,29983,29984]} 1. d4 c6 2. c4 d5 3. Nf3 Bf5 4. Nc3 e6 5. Qb3 Qb6 6. c5 Qxb3 7. axb3 Nd7 8. b4 {[%cal Bb3b4,Bb4b5][%mdl 32]} Ngf6 {D11: Slav Defence: 3 Nf3 sidelines and 3...Nf6 4 e3 Bg4} (8... a6 9. b5 cxb5 10. Nxb5 Rc8 11. Nc3 Ne7 12. Bf4 Nc6 13. e3 Be7 14. Kd2 O-O 15. Bg3 Rfd8 16. Nh4 Bg4 {½-½ (53) Van Wely,L (2679)-Morozevich,A (2741) Monte Carlo 2005}) 9. b5 Be7 10. Bf4 {LiveBook: 4 Games} O-O {White is slightly better.} 11. e3 Nh5 (11... cxb5 $14 12. Bxb5 a6) 12. bxc6 $16 bxc6 13. Bc7 Rfc8 {[#]} 14. Ba5 $1 Bd8 $146 ({Predecessor:} 14... e5 15. b4 e4 16. Nd2 a6 17. Be2 Nhf6 18. O-O Ne8 19. Rfb1 Be6 20. Na4 Bd8 21. Nb3 Nc7 22. Nb6 {1-0 (22) Glasscock,D (1905)-Rasmussen,M (1959) Skorping 2017}) 15. b4 Bxa5 16. Rxa5 Nhf6 17. Ba6 Rcb8 (17... Rc7 $142 18. O-O Ne4) 18. b5 $18 cxb5 19. Bxb5 Rd8 20. O-O Ne4 21. Nxe4 Bxe4 22. Rfa1 Bxf3 23. gxf3 g6 24. Rxa7 Rxa7 25. Rxa7 {[%mdl 4096] Endgame KRB-KRN} Nb8 26. c6 Nxc6 27. Bxc6 {KRB-KR} Kg7 28. Ra8 Rd6 29. Rc8 f6 (29... Kf6 $142 30. Kf1 Ke7) 30. f4 g5 31. Kg2 h5 32. Kg3 Kg6 33. Be8+ Kf5 34. fxg5 {[#] aiming for g6.} Kxg5 35. h4+ Kf5 36. Bxh5 e5 37. f3 exd4 38. exd4 {White mates.} Rb6 39. Rg8 {[%csl Gf3,Gg3,Gg8][%cal Rh5g4]} Ke6 40. Bg4+ Kf7 41. Rd8 Rb5 42. h5 Ra5 43. Rd7+ {Accuracy: White = 98%, Black = 36%.} 1-0

[Event "Baku Open 2018"]
[Site "Baku"]
[Date "2018.11.24"]
[Round "1"]
[White "Hashimzada, Akif"]
[Black "Safarli, Eltaj"]
[Result "0-1"]
[WhiteElo "1633"]
[BlackElo "2671"]
[Annotator "TA"]
[PlyCount "72"]
[EventDate "2018.11.24"]
[EventType "swiss"]
[EventCountry "AZE"]
[SourceTitle "playchess.com"]
[Source "ChessBase"]
[SourceQuality "1"]

{[%evp 15,72,14,23,-1,0,0,0,-4,-4,-7,0,0,0,0,0,-43,-44,-56,-51,-93,-89,-87,-85,-120,-92,-118,0,-90,-86,-130,-112,-137,-137,-137,-137,-150,-137,-137,-137,-141,-93,-95,-98,-143,-133,-621,-668,-662,-668,-645,-614,-568,-581,-29996,-29997,-29997,-29998,-29998,-29999]} 1. e4 e5 2. Nf3 Nc6 3. Bc4 Bc5 4. O-O Nf6 5. d3 h6 6. c3 d6 7. h3 O-O 8. a4 {C54: Giuoco Piano: 4 c3 Nf6, main lines with 5 d4 and 5 d3} a6 {LiveBook: 59 Games} 9. Qe2 (9. Re1 a5 10. Na3 Be6 11. Bxe6 fxe6 12. Nc2 Ba7 13. Be3 Bxe3 14. Nxe3 Qd7 15. Qb3 b6 {½-½ (53) Aronian,L (2767)-Karjakin,S (2773) Saint Louis 2018}) 9... Re8 10. Be3 {The position is equal.} Bxe3 11. fxe3 Be6 12. Bxe6 Rxe6 13. Nbd2 $146 d5 14. exd5 Qxd5 15. Rfd1 Rd8 $36 {[%mdl 2048] Black has the initiative.} 16. Nf1 e4 17. Nd4 Nxd4 18. cxd4 Rde8 19. dxe4 Rxe4 20. Qf3 Qd6 (20... Qg5 $17 21. Rd3 c6) 21. Rd3 (21. Nd2 $11) 21... Nd5 $17 22. Rc1 c6 23. Rb3 Qd7 24. a5 R8e7 25. Ra1 Qe8 {[%cal Rd5e3]} 26. Raa3 R4e6 27. Rd3 Rf6 28. Qg3 Rg6 29. Qf3 Ree6 {Strongly threatening ...Ref6.} 30. Rab3 $2 {[%mdl 8192]} (30. Rd2 $17) 30... Ref6 $19 31. Qd1 {[#]} Rxg2+ $1 {[%mdl 512]} 32. Kxg2 {Ng3 is the strong threat.} Qe4+ 33. Kg1 Rg6+ 34. Kf2 {Black must now prevent Ng3.} Rg2+ {Black mates.} 35. Ke1 Qh4+ {[%mdl 64] [#] Double Attack} 36. Ng3 Qxg3+ {Accuracy: White = 37%, Black = 65%.} 0-1

[Event "Baku Open 2018"]
[Site "Baku"]
[Date "2018.11.24"]
[Round "1"]
[White "Rzali, Sabina"]
[Black "Abasov, Nijat"]
[Result "0-1"]
[WhiteElo "1621"]
[BlackElo "2629"]
[Annotator "TA"]
[PlyCount "60"]
[EventDate "2018.11.24"]
[EventType "swiss"]
[EventCountry "AZE"]
[SourceTitle "playchess.com"]
[Source "ChessBase"]
[SourceQuality "1"]

{[%evp 12,60,-20,-27,0,-7,4,8,6,-35,-24,-44,-33,-68,-75,-83,-20,-45,-40,-155,-175,-199,-207,-247,-245,-229,-176,-177,-182,-177,-167,-167,-167,-168,-158,-183,-187,-221,-220,-437,-174,-169,-162,-167,-175,-172,-150,-694,-694,-29998,-29999]} 1. e4 c6 2. Nf3 d5 3. Nc3 dxe4 4. Nxe4 Nf6 5. Ng3 h5 6. h4 Bg4 {B11: Caro-Kann: Two Knights Variation} 7. Be2 {LiveBook: 4 Games} Nbd7 8. d4 e6 {The position is equal.} 9. Ng5 Bd6 (9... Qc7 10. N3e4 Bf5 11. Bd3 Nxe4 12. Bxe4 Bxe4 13. Nxe4 Qa5+ 14. c3 Qd5 15. Qf3 {1-0 (65) Csonka,A (2366)-Horvath,Z (2381) Hungary 2018}) 10. N3e4 Bc7 $146 ({Predecessor:} 10... Be7 11. Bxg4 Nxg4 12. Qf3 Ndf6 13. Nxf6+ Bxf6 14. c3 {0-1 (57) Ni Mhuireagain,E (1496)-Exler,V (2208) Riga 2017}) 11. c3 Qe7 12. Qc2 O-O-O 13. Nxf6 Nxf6 (13... gxf6 $17 14. Ne4 Rhg8) 14. Be3 Nd5 15. Qd3 (15. O-O-O $15) 15... Bf5 $17 16. Qd2 e5 17. Bd3 Bxd3 18. Qxd3 exd4 19. cxd4 f6 $36 {[%mdl 2048] Black is really pushing.} 20. Nf3 Rhe8 21. O-O-O Nxe3 22. Rhe1 {[%cal Re1e3]} Qf7 23. fxe3 Qxa2 24. Qf5+ Kb8 25. Qxh5 $2 {[#]} (25. Re2 {was necessary.}) 25... Qc4+ $2 (25... c5 $1 {[%mdl 512]} 26. dxc5 Bg3) 26. Kb1 $19 Bg3 27. Rf1 Rxe3 28. Qg6 Bc7 29. Qxg7 $2 (29. Rfe1 $17 Rb3 30. Nd2 Qd3+ 31. Qxd3 Rxd3 32. Nf3 Rxd1+ 33. Rxd1) 29... Re2 {[#] ( -> ...Qc2+)} 30. Ng1 Qc2+ {[%mdl 64] Double Attack. Accuracy: White = 29%, Black = 61%.} 0-1

[Event "Baku Open 2018"]
[Site "Baku"]
[Date "2018.11.24"]
[Round "1"]
[White "Gasimova, Samra"]
[Black "Popov, Ivan"]
[Result "0-1"]
[WhiteElo "1597"]
[BlackElo "2590"]
[Annotator "TA"]
[PlyCount "64"]
[EventDate "2018.11.24"]
[EventType "swiss"]
[EventCountry "AZE"]
[SourceTitle "playchess.com"]
[Source "ChessBase"]
[SourceQuality "1"]

{[%evp 9,63,8,34,32,41,31,37,22,36,37,66,0,0,-8,0,-28,-46,-81,-65,-65,-65,-65,-58,-58,-58,-58,-58,-58,-52,-58,-50,-61,-58,-594,-590,-602,-594,-723,-738,-687,-739,-674,-687,-676,-683,-1343,-1324,-1253,-1259,-29992,-29993,-29994,-29995,-29998,-29999,-29999]} 1. d4 e6 2. c4 b6 3. Nc3 Bb4 4. e3 Bxc3+ 5. bxc3 Nf6 6. Bd3 {E40: Nimzo-Indian: Rubinstein (4 e3): Unusual Black 4th moves} c5 (6... Bb7 7. f3 d6 8. Ne2 e5 9. e4 Nc6 10. O-O Qe7 11. Be3 Nd7 12. Qc1 Na5 13. Qc2 O-O-O 14. Nc1 f5 15. d5 f4 16. Bf2 {0-1 (45) Berovski,K (2339)-Postny,E (2673) Stockholm 2016}) 7. Ne2 Bb7 8. f3 {White is slightly better.} d6 9. O-O e5 10. d5 $146 (10. e4 $14) ({Predecessor:} 10. Ng3 Nc6 11. f4 exf4 12. Rxf4 Ne7 13. e4 Qc7 14. Rf2 O-O-O 15. a4 {½-½ (63) Magrin,A-Norcia,F Reggio Emilia 1957}) 10... e4 $1 $11 {[%cal Re4d3]} 11. fxe4 Nbd7 12. Ng3 Ne5 13. Qe2 g6 {[%mdl 1024] Black has strong compensation.} 14. Rf4 h5 {[%cal Bh7h5,Bh5h4,Bh4h3][%mdl 32]} 15. Nf1 h4 16. Nd2 h3 17. g3 Bc8 18. Bc2 Nh5 19. Ba4+ Kf8 20. Rh4 Kg7 21. Bd1 $2 {[%mdl 8192] [#]} (21. Rf4 $1 $15) 21... Nxg3 $1 $19 {[%mdl 576] Remove Defender} 22. hxg3 Rxh4 23. gxh4 Qxh4 {Hoping for ...Qg3+.} 24. Qf2 {[#]} h2+ $1 {[%mdl 576] Deflection} 25. Qxh2 Qe1+ {[%mdl 64] Double Attack} 26. Nf1 {Bb2 is the strong threat.} Qxd1 27. Qg2 Nf3+ {[%cal Be5f3,Bf3e1,Be1d3][%mdl 32]} 28. Kf2 Ne1 29. Qh2 Bg4 {Black mates.} 30. Nd2 Rh8 31. Qg3 Nd3+ {[%mdl 64] Double Attack} 32. Kg2 Qh1# {Accuracy: White = 42%, Black = 86%.} 0-1

[Event "Baku Open 2018"]
[Site "Baku"]
[Date "2018.11.24"]
[Round "1"]
[White "Ahmadov, Orkhan"]
[Black "Fier, Alexandr"]
[Result "0-1"]
[WhiteElo "1575"]
[BlackElo "2553"]
[Annotator "TA"]
[PlyCount "66"]
[EventDate "2018.11.24"]
[EventType "swiss"]
[EventCountry "AZE"]
[SourceTitle "playchess.com"]
[Source "ChessBase"]
[SourceQuality "1"]

{[%evp 21,66,10,27,1,9,6,49,0,0,0,14,11,0,-60,-70,-90,-99,-100,-66,-98,-59,-80,-64,-69,-20,-65,-17,-16,-20,-24,0,-266,-262,-853,-847,-1135,-1091,-29994,-29995,-29997,-29995,-29995,-29994,-29994,-29995,-29998,-29998]} 1. d4 Nf6 2. c4 g6 3. Nc3 d5 4. cxd5 Nxd5 5. e4 Nxc3 6. bxc3 Bg7 7. Bc4 c5 8. Ne2 Nc6 9. Be3 O-O 10. O-O Qc7 11. Rc1 b6 {LiveBook: 78 Games} 12. d5 {D87: Exchange Grünfeld: Classical Line: Variations without ...cxd4} (12. Bf4 e5 13. Be3 exd4 14. cxd4 cxd4 15. Nxd4 Bxd4 16. Bxd4 Nxd4 17. Qxd4 Qe7 18. Bd5 Bb7 19. h4 Rfe8 {½-½ (44) Korobov,A (2675)-Shankland,S (2679) Baku 2016}) 12... Ne5 13. Bb3 $146 ({Predecessor:} 13. Bd3 Ng4 14. Bf4 Be5 15. Bxe5 Qxe5 16. g3 Qh5 17. h4 g5 18. Kg2 gxh4 19. Nf4 Qg5 20. Nh3 hxg3 21. Nxg5 {1-0 (21) Fernandez,G-Van Bommel,T LSS email 2007}) 13... b5 (13... c4 {is interesting.} 14. Bc2 Ba6 15. Nd4 Nd3 16. Rb1 Bxd4 17. Bxd4 e5) 14. h3 {White is slightly better.} a5 15. f4 a4 16. fxe5 axb3 17. Qxb3 (17. axb3 $11 Bb7 18. c4) 17... Bxe5 $15 18. Rf2 Bd7 19. Rcf1 c4 20. Qb4 Bd6 $36 {[%mdl 2048] Black has the initiative.} 21. Qb2 f6 22. Nd4 Rfb8 23. Bf4 b4 24. cxb4 Bxf4 25. Rxf4 c3 26. Qf2 $2 {[%mdl 8192] [#]} (26. Qb3 $11 Kh8 27. Nc6 Bxc6 28. dxc6) 26... Rxb4 $19 27. Rc1 $2 (27. Nb3) 27... Rb2 28. Qe3 Raxa2 29. Ne6 Rxg2+ {Black mates.} 30. Kf1 Bb5+ 31. Ke1 Rae2+ 32. Qxe2 Rxe2+ 33. Kd1 Qc4 {Accuracy: White = 31%, Black = 60%.} 0-1

[Event "Baku Open 2018"]
[Site "Baku"]
[Date "2018.11.24"]
[Round "1"]
[White "Sadigzada, Ravan"]
[Black "Sanikidze, Tornike"]
[Result "0-1"]
[WhiteElo "1573"]
[BlackElo "2512"]
[Annotator "TA"]
[PlyCount "64"]
[EventDate "2018.11.24"]
[EventType "swiss"]
[EventCountry "AZE"]
[SourceTitle "playchess.com"]
[Source "ChessBase"]
[SourceQuality "1"]

{[%evp 20,64,54,0,54,52,81,66,63,58,90,56,59,52,65,12,24,11,17,20,18,17,6,0,0,-28,-25,-4,-17,-31,0,0,0,0,6,-29,-21,-306,-308,-290,-289,-721,-721,-723,-727,-645,-615]} 1. d4 Nf6 2. c4 e6 3. Nc3 c5 4. d5 d6 5. Nf3 exd5 6. cxd5 g6 7. Bf4 a6 8. a4 Bg7 9. h3 O-O 10. e3 Re8 {A61: Modern Benoni: Nf3 without early e4} 11. Be2 {LiveBook: 33 Games} (11. Nd2 $14) 11... Nfd7 $146 (11... Ne4 $11) ({Predecessor:} 11... Ne4 12. Nxe4 Rxe4 13. Nd2 Rb4 14. O-O Qf6 15. Bd3 Bf5 16. Nc4 Nd7 17. Ra3 Be4 18. Be2 {1-0 (72) Cori Tello,J (2602)-Cordova,E (2602) Montcada 2016}) 12. O-O $14 (12. Bxd6 $2 Qb6 $19) 12... Qe7 {White is slightly better.} 13. Re1 Ne5 14. Nd2 Nbd7 15. a5 f5 16. Qc2 Rf8 17. Nc4 ({White should play} 17. Bg3 $14) 17... g5 18. Bh2 Nxc4 19. Bxc4 Ne5 20. Bxe5 Qxe5 21. Na4 Rb8 22. Re2 f4 23. exf4 Qxf4 24. Nb6 ({Of course not} 24. Re7 Bf5 $17) 24... Bf5 25. Bd3 $1 Bd4 {Threatens to win with ...Bxh3!} 26. Bxf5 Rxf5 27. Rf1 {[#] aiming for Re4.} Rbf8 $36 {[%mdl 2048] Black has some pressure.} 28. Kh1 $2 {[%mdl 8192]} (28. Nc4 $11) 28... Be5 $19 29. Rxe5 Qxe5 30. Nd7 $2 {[#]} (30. Qd2) 30... Rxf2 $1 {[%mdl 576] Deflection, Decoy. Black is clearly winning.} 31. Rxf2 (31. Qxf2 Rxf2) 31... Qe1+ {[%mdl 64] Double Attack} 32. Kh2 Rxf2 {Accuracy: White = 35%, Black = 58%.} 0-1

[Event "Baku Open 2018"]
[Site "Baku"]
[Date "2018.11.25"]
[Round "2"]
[White "Safarli, Eltaj"]
[Black "Allahverdiyeva, Ayan"]
[Result "1-0"]
[WhiteElo "2671"]
[BlackElo "2116"]
[Annotator "TA"]
[PlyCount "81"]
[EventDate "2018.11.24"]
[EventType "swiss"]
[EventCountry "AZE"]
[SourceTitle "playchess.com"]
[Source "ChessBase"]
[SourceQuality "1"]

{[%evp 19,81,37,54,35,31,8,112,117,211,209,191,214,332,340,341,330,336,317,317,321,337,324,358,331,330,350,346,337,457,408,572,567,532,474,446,417,553,553,521,454,493,433,537,529,485,470,463,462,451,435,463,466,461,460,608,513,513,484,484,484,794,794,760,754]} 1. e4 e6 2. d4 d5 3. Nd2 Be7 4. Ngf3 Nf6 5. Bd3 c5 6. exd5 Qxd5 7. dxc5 Nbd7 8. O-O {C03: French Tarrasch: Unusual Black 3rd moves} Nxc5 9. Bc4 Qh5 10. Re1 Ncd7 {LiveBook: 5 Games} 11. a4 $146 ({Predecessor:} 11. b3 O-O 12. Bb2 b5 13. Be2 Qc5 14. c4 b4 15. Bd3 Bb7 {1-0 (38) Svidler,P (2763)-Shabalov,A (2622) Odessa 2008}) 11... O-O 12. c3 e5 (12... b6 $11 {keeps the balance.}) 13. a5 Bd6 {[#]} (13... Rd8 $16 {might work better.} 14. b3 e4) 14. Nf1 $1 $18 Bc7 15. Ng3 Qg4 (15... Qg6 $142 16. h3 Ne8) 16. Ra4 Nc5 {[#] Hoping for ...e4.} 17. Bxf7+ $1 {[%mdl 576] Discovered Attack} Rxf7 18. Rxg4 Bxg4 19. Qc2 Bxf3 20. gxf3 Rd8 21. Rd1 Rxd1+ 22. Qxd1 Rd7 23. Qc2 Nd3 24. Qb3+ Kh8 (24... Kf8 $142 25. Be3 (25. Qxb7 Bd8 $11) 25... b6 26. axb6 axb6) 25. Bg5 Nf4 {intending ...Nh3+.} 26. Bxf4 exf4 27. Nf5 Bxa5 28. Qa3 {White is clearly winning.} Bb6 29. Qf8+ Ng8 30. Qe8 Rc7 31. Nd6 h6 32. Qg6 Nf6 33. Nf7+ Kg8 34. Nxh6+ Kf8 35. Nf5 Rd7 36. h4 {[%cal Bh2h4,Bh4h5][%mdl 32]} Ne8 37. Qe6 Rf7 38. h5 Bd8 39. Qc8 Be7 (39... Bf6 $142 40. Nd6 Re7 41. Nxb7 Rc7) 40. Nd4 {Strongly threatening Ne6+.} Rf6 41. Ne6+ {Accuracy: White = 87%, Black = 40%.} 1-0